[Event "GRE-chT 50th"]
[Site "Nikaia"]
[Date "2023.08.26"]
[Round "3.4"]
[White "Haddad, Gabriel"]
[Black "Tsarsitalidis, Christos"]
[Result "1/2-1/2"]
[WhiteElo "1812"]
[BlackElo "2022"]
[PlyCount "134"]
[EventDate "2023.08.25"]
[EventType "team"]
[EventRounds "9"]
[EventCountry "GRE"]
[SourceTitle "EXT 2024"]
[Source "ChessBase"]
[SourceDate "2023.10.10"]
[SourceVersion "1"]
[SourceVersionDate "2023.10.10"]
[SourceQuality "1"]
[WhiteTeam "Panionios"]
[BlackTeam "Kavalas"]
[WhiteTeamCountry "GRE"]
[BlackTeamCountry "GRE"]

1. c4 Nf6 2. Nc3 c5 3. g3 Nc6 4. Bg2 e6 5. e4 d6 6. Nge2 Be7 7. 0-0 0-0 8. d4 cxd4 9. Nxd4 Nd7 10. Be3 a6 11. Rb1 Qc7 12. b3 Rb8 13. Qd2 Nde5 14. h3 Nxd4 15. Bxd4 Nc6 16. Be3 Bf6 17. Ne2 Rd8 18. Bg5 Bxg5 19. Qxg5 Bd7 20. Rfd1 Be8 21. Rd2 b5 22. cxb5 axb5 23. Qe3 b4 24. Rc1 Qe7 25. Nd4 Na7 26. Rdc2 Qf6 27. Nxe6 fxe6 28. Qxa7 Bg6 29. Rd2 Qe5 30. Qd4 Qxd4 31. Rxd4 e5 32. Rdc4 Rb7 33. Rc7 Rxc7 34. Rxc7 Ra8 35. Rc2 Kf7 36. f4 Ke7 37. Kf2 Be8 38. Bf1 Bd7 39. Ke3 g6 40. fxe5 dxe5 41. g4 Be6 42. Be2 g5 43. Bb5 Rb8 44. Ba4 h5 45. Rc7+ Kf6 46. Bd7 Bxd7 47. Rxd7 hxg4 48. hxg4 Ke6 49. Rg7 Kf6 50. Ra7 Rh8 51. Ra6+ Kf7 52. Kd3 Rd8+ 53. Ke3 Rh8 54. Rb6 Rh3+ 55. Kf2 Rh2+ 56. Kf3 Rxa2 57. Rxb4 Ra1 58. Rb5 Ke6 59. Rb6+ Ke7 60. Kf2 Ra2+ 61. Ke3 Rg2 62. Kf3 Rg1 63. b4 Rf1+ 64. Ke3 Rg1 65. Rb7+ Ke6 66. Kf3 Rf1+ 67. Ke3 Rg1 1/2-1/2

[Event "Aegean op 31st"]
[Site "Aghios Kirykos"]
[Date "2008.07.12"]
[Round "1"]
[White "Haddad, Gabriel"]
[Black "Shneider, Aleksandr"]
[Result "0-1"]
[WhiteElo "1935"]
[BlackElo "2537"]
[PlyCount "58"]
[EventDate "2008.07.12"]
[EventType "swiss"]
[EventRounds "9"]
[EventCountry "GRE"]
[SourceTitle "CBM 125 Extra"]
[Source "ChessBase"]
[SourceDate "2008.09.01"]
[SourceVersion "1"]
[SourceVersionDate "2008.09.01"]
[SourceQuality "1"]

1. c4 Nf6 2. Nc3 c5 3. g3 Nc6 4. Bg2 g6 5. Nf3 d6 6. d4 cxd4 7. Nxd4 Bd7 8. e4 Bg7 9. Nxc6 bxc6 10. 0-0 0-0 11. Qd3 Ng4 12. Qe2 c5 13. f4 Rb8 14. Nd1 Bd4+ 15. Kh1 f5 16. Bf3 e5 17. Bxg4 fxg4 18. f5 Rxf5 19. Rxf5 gxf5 20. Ne3 Qf8 21. Bd2 f4 22. gxf4 exf4 23. Nd5 Rxb2 24. Rf1 f3 25. Qd3 Be5 26. Qe3 h6 27. Rg1 f2 28. Rf1 Rxd2 29. Ne7+ Kh7 0-1

[Event "Aegean op 29th"]
[Site "Aghios Kirykos"]
[Date "2006.07.18"]
[Round "8"]
[White "Koukoufikis, Alexandros"]
[Black "Haddad, Gabriel"]
[Result "0-1"]
[WhiteElo "2253"]
[BlackElo "2071"]
[PlyCount "58"]
[EventDate "2006.07.12"]
[EventType "swiss"]
[EventRounds "9"]
[EventCountry "GRE"]
[SourceTitle "CBM 113 Extra"]
[Source "ChessBase"]
[SourceDate "2006.09.14"]
[SourceVersion "1"]
[SourceVersionDate "2006.09.14"]
[SourceQuality "1"]

1. e4 c5 2. Nc3 g6 3. g3 Bg7 4. Bg2 Nc6 5. d3 d6 6. Be3 Nf6 7. h3 a6 8. Qd2 Rb8 9. f4 b5 10. e5 Nxe5 11. fxe5 Nh5 12. g4 Ng3 13. Rh2 h5 14. Bf4 h4 15. exd6 exd6 16. 0-0-0 0-0 17. Bh6 Be5 18. Nf3 Bxc3 19. bxc3 Qa5 20. Bxf8 Qa3+ 21. Kb1 Be6 22. Qf2 Bxa2+ 23. Ka1 Be6+ 24. Kb1 b4 25. c4 b3 26. c3 b2 27. Qe1 Qa1+ 28. Kc2 b1Q+ 29. Rxb1 Qa2+ 0-1